000 00888aam a2200361a 44500
008 930106s1977 cat
017 _aB-8139-1977
041 _acat
041 _bspa
080 _a797.14(038)
100 _aGuardia, Margarida
_966863
245 _aVocabulari nàutic
245 _cJoan Puig
245 _cMargarida Guardia
260 _a[Barcelona]
260 _bBanca Catalana [etc.]
260 _c1977
300 _a39 p.
_c22 cm
500 _aCategoria gramatical, referències bibliogràfiques
520 _aaprox. 1.400
546 _acatalà
591 _a342
592 _aObra terminològica
593 _aVFA
594 _a342
650 _avela
_960763
700 _aPuig, Joan
_966864
901 _cDL <1977>
902 _a930106
942 _cMO
_n0
999 _c55706
_d55706